=LDR 00000nam 2200000 4500 =001 INLIS000000000045661 =005 20150206154511.0 =006 =007 =008 =020 ##$$a 978-602-8264-13-6 =035 ##$$0010-021500000000221 =040 ##$$a NBPDMAT =082 ##$$a 551.4 =090 ##$$a 551.4 $b Kem m =100 ##$$a Kemala Dewi =245 ##$$a Menyelidiki Air dan Manfaatnya/ $c Kemala Dewi; Editor Dewi Suartini =260 ##$$a Jakarta : $b Musi Pustaka Utama, $c 2011 =300 ##$$a v,91 hlm. : $b ilus. ; $c 24 cm. =650 ##$$a Air =700 ##$$a Dewi Sartika =850 ##$$a NBPDMAT